Modeling of nonstationary processes during separation of multicomponent isotope mixtures; Физико-технические проблемы в науке, промышленности и медицине

Podrobná bibliografie
Parent link:Физико-технические проблемы в науке, промышленности и медицине.— 2017.— [С. 46-47]
Hlavní autor: Ushakov A. A.
Korporativní autor: Национальный исследовательский Томский политехнический университет (ТПУ)
Další autoři: Orlov A. A. Aleksey Alekseevich, Sovach V. P.
Shrnutí:Заглавие с экрана
Jazyk:angličtina
Vydáno: 2017
Edice:Ядерные технологии XXI века
Témata:
On-line přístup:http://earchive.tpu.ru/handle/11683/43140
Médium: Elektronický zdroj Kapitola
KOHA link:https://koha.lib.tpu.ru/cgi-bin/koha/opac-detail.pl?biblionumber=623887

MARC

LEADER 00000naa2a2200000 4500
001 623887
005 20231220095027.0
035 |a (RuTPU)RU\TPU\conf\23001 
035 |a RU\TPU\conf\23000 
090 |a 623887 
100 |a 20171004d2017 k y0rusy50 ba 
101 0 |a eng 
102 |a RU 
105 |a y z 101zy 
135 |a drcn ---uucaa 
181 0 |a i  
182 0 |a b 
200 1 |a Modeling of nonstationary processes during separation of multicomponent isotope mixtures  |f A. A. Ushakov, A. A. Orlov, V. P. Sovach 
203 |a Текст  |c электронный 
225 1 |a Ядерные технологии XXI века 
300 |a Заглавие с экрана 
463 0 |0 (RuTPU)RU\TPU\conf\22967  |t Физико-технические проблемы в науке, промышленности и медицине  |o сборник тезисов докладов IX Международной научно-практической конференции, г. Томск, 21-22 сентября 2017 г.  |f Национальный исследовательский Томский политехнический университет (ТПУ) ; под ред. С. А. Байдали [и др.]  |v [С. 46-47]  |d 2017 
610 1 |a труды учёных ТПУ 
610 1 |a электронный ресурс 
610 1 |a нестационарные процессы 
610 1 |a изотопные смеси 
610 1 |a изотопно-модифицированные соединения 
610 1 |a химические элементы 
610 1 |a гидравлические процессы 
700 1 |a Ushakov  |b A. A. 
701 1 |a Orlov  |b A. A.  |c physicist  |c Professor of Tomsk Polytechnic University, Doctor of technical sciences  |f 1962-  |g Aleksey Alekseevich  |3 (RuTPU)RU\TPU\pers\34230  |9 17761 
701 1 |a Sovach  |b V. P. 
712 0 2 |a Национальный исследовательский Томский политехнический университет (ТПУ)  |c (2009- )  |3 (RuTPU)RU\TPU\col\15902 
801 2 |a RU  |b 63413507  |c 20171006  |g RCR 
856 4 |u http://earchive.tpu.ru/handle/11683/43140 
942 |c BK